[Event "Rochefort op-A 19th"]
[Site "Rochefort"]
[Date "2020.02.24"]
[Round "4"]
[White "Maiorov, Nikita"]
[Black "Besson, Bastien"]
[Result "1-0"]
[WhiteElo "2506"]
[BlackElo "2181"]
[PlyCount "91"]
[EventDate "2020.02.22"]
[EventType "swiss"]
[EventRounds "9"]
[EventCountry "FRA"]
[SourceTitle "CBM 195 Extra"]
[Source "ChessBase"]
[SourceDate "2020.05.31"]
[SourceVersion "1"]
[SourceVersionDate "2020.05.31"]
[SourceQuality "1"]

1. d4 d6 2. c4 g6 3. Nf3 Bg7 4. Nc3 Nd7 5. g3 Ngf6 6. Bg2 0-0 7. 0-0 e5 8. e4 a6 9. Qc2 exd4 10. Nxd4 Re8 11. Rd1 Rb8 12. a4 Ne5 13. Qe2 c5 14. Nc2 Bg4 15. f3 Be6 16. b3 Nc6 17. Rb1 Nd7 18. Qe1 Qe7 19. Be3 Nde5 20. Nd5 Qf8 21. Qd2 Red8 22. Kh1 h5 23. f4 Ng4 24. Bg1 h4 25. gxh4 Bxd5 26. cxd5 Nd4 27. h3 Nf6 28. Nxd4 cxd4 29. Bf3 Qe7 30. Qg2 Kh7 31. Rxd4 Nh5 32. Bxh5 gxh5 33. Rd3 Bh6 34. e5 Qxh4 35. Qe4+ Kh8 36. e6 Bg7 37. Qf3 fxe6 38. dxe6 Rf8 39. f5 Rbe8 40. Re3 Qg5 41. Rf1 Be5 42. Re4 Re7 43. Rxe5 dxe5 44. Bc5 Ree8 45. Bxf8 Rxf8 46. f6 1-0

[Event "Avoine op 34th"]
[Site "Avoine"]
[Date "2019.07.20"]
[Round "7"]
[White "Besson, Bastien"]
[Black "Nottola, Adrien"]
[Result "0-1"]
[WhiteElo "2204"]
[BlackElo "1964"]
[PlyCount "70"]
[EventDate "2019.07.20"]
[EventType "swiss"]
[EventRounds "9"]
[EventCountry "FRA"]
[SourceTitle "EXT 2020"]
[Source "ChessBase"]
[SourceDate "2019.10.17"]
[SourceVersion "1"]
[SourceVersionDate "2019.10.17"]
[SourceQuality "1"]

1. e4 c5 2. Nc3 Nc6 3. Nf3 Nf6 4. Bc4 e6 5. d3 d5 6. Bb5 Be7 7. 0-0 0-0 8. exd5 exd5 9. Bxc6 bxc6 10. Na4 Bg4 11. b3 Nd7 12. h3 Bh5 13. Ba3 Re8 14. g4 Bg6 15. Qd2 Bd6 16. Kg2 f5 17. Rae1 fxg4 18. hxg4 Qf6 19. Qg5 Qf7 20. Qh4 h6 21. Qh3 Rxe1 22. Rxe1 Rf8 23. Rf1 h5 24. Ng5 Qf6 25. Bc1 hxg4 26. Qh4 g3 27. f4 Re8 28. Rh1 Re2+ 29. Kxg3 Kf8 30. Nh7+ Bxh7 31. Qxf6+ Nxf6 32. Ba3 Rxc2 33. d4 Ne4+ 34. Kf3 Rf2+ 35. Kg4 Rxf4+ 0-1

[Event "FRA-chT2B 0506"]
[Site "France"]
[Date "2006.01.15"]
[Round "6.4"]
[White "Besson, Bastien"]
[Black "Sobry, Sebastien"]
[Result "1-0"]
[WhiteElo "2210"]
[BlackElo "2112"]
[PlyCount "59"]
[EventDate "2005.10.27"]
[EventType "team-tourn"]
[EventRounds "11"]
[EventCountry "FRA"]
[SourceTitle "EXT 2006"]
[Source "ChessBase"]
[SourceDate "2005.11.24"]
[SourceVersion "1"]
[SourceVersionDate "2005.11.24"]
[SourceQuality "1"]
[WhiteTeam "Clichy II"]
[BlackTeam "Lille"]
[WhiteTeamCountry "FRA"]
[BlackTeamCountry "FRA"]

1. e4 c5 2. b3 Nc6 3. Bb2 d5 4. exd5 Qxd5 5. Nc3 Qd8 6. Nf3 Nf6 7. Bb5 Bd7 8. Qe2 e6 9. 0-0 Be7 10. a3 0-0 11. Bd3 h6 12. Rad1 a6 13. Rfe1 Re8 14. Be4 Qc7 15. Bxc6 Bxc6 16. d3 b5 17. Ne4 Nxe4 18. dxe4 Rad8 19. Rd3 Qb6 20. Ne5 Rxd3 21. cxd3 Bf6 22. Qh5 Bxe5 23. Bxe5 f6 24. Bxf6 Qa7 25. Be5 Rd8 26. Re3 Qf7 27. Qh4 Rd7 28. Rg3 Qf8 29. Qxh6 Bxe4 30. Qxe6+ 1-0

[Event "Agneaux St Lo U18 op"]
[Site "Agneaux"]
[Date "2004.07.15"]
[Round "8"]
[White "Besson, Bastien"]
[Black "Saric, Ivan"]
[Result "1-0"]
[WhiteElo "2222"]
[BlackElo "2227"]
[PlyCount "81"]
[EventDate "2004.07.08"]
[EventType "swiss"]
[EventRounds "9"]
[EventCountry "FRA"]
[SourceTitle "EXT 2005"]
[Source "ChessBase"]
[SourceDate "2004.11.15"]
[SourceVersion "1"]
[SourceVersionDate "2004.11.15"]
[SourceQuality "1"]

1. d3 d5 2. Nd2 Nf6 3. e4 dxe4 4. dxe4 e5 5. Ngf3 Nc6 6. Bb5 Bc5 7. 0-0 Qe7 8. c3 0-0 9. b4 Bb6 10. a3 a5 11. Bb2 Bg4 12. Qc2 Rad8 13. Rfe1 h6 14. Bxc6 bxc6 15. c4 axb4 16. axb4 Bd4 17. Nxd4 exd4 18. f3 Bh5 19. c5 Rb8 20. Qc4 d3 21. Qc3 Rfd8 22. Nb3 Bg6 23. Nd4 Qd7 24. Rad1 Nh5 25. Rxd3 f6 26. Red1 Nf4 27. R3d2 Kh7 28. Qe3 Nh5 29. Nxc6 Qxc6 30. Rxd8 Rxb4 31. Ba3 Ra4 32. Qb3 Be8 33. Bc1 Qxc5+ 34. Be3 Bf7 35. Qxa4 Qxe3+ 36. Kh1 Bb3 37. Qd4 Qg5 38. Rb1 Qh4 39. Qd2 Bc4 40. Re1 f5 41. Rd4 1-0

[Event "Agneaux St Lo U18 op"]
[Site "Agneaux"]
[Date "2004.07.13"]
[Round "6"]
[White "Besson, Bastien"]
[Black "Jolly, Jean Francois"]
[Result "1/2-1/2"]
[WhiteElo "2222"]
[BlackElo "2117"]
[PlyCount "92"]
[EventDate "2004.07.08"]
[EventType "swiss"]
[EventRounds "9"]
[EventCountry "FRA"]
[SourceTitle "EXT 2005"]
[Source "ChessBase"]
[SourceDate "2004.11.15"]
[SourceVersion "1"]
[SourceVersionDate "2004.11.15"]
[SourceQuality "1"]

1. e4 e6 2. d4 d5 3. Nc3 Nf6 4. Bg5 Bb4 5. e5 h6 6. Be3 Ne4 7. Qg4 Kf8 8. Bd3 Nxc3 9. a3 Be7 10. bxc3 c5 11. h4 Qa5 12. Bd2 Qa4 13. Rh3 f5 14. exf6 Bxf6 15. Rf3 Qe8 16. Qg3 Nc6 17. Bf4 Ke7 18. Bd6+ Kd7 19. Bxc5 Kd8 20. Bg6 Qd7 21. Bd6 b6 22. Re3 Na5 23. Bd3 g5 24. Nf3 gxh4 25. Nxh4 Bg5 26. Be5 Rf8 27. f4 Be7 28. Kd2 Bb7 29. Ng6 Rg8 30. Qh3 Nc4+ 31. Bxc4 dxc4 32. Nxe7 Qxe7 33. Qxh6 Rxg2+ 34. Re2 Rxe2+ 35. Kxe2 Kd7 36. Rg1 Rf8 37. Rg7 Rf7 38. f5 Rxg7 39. fxe6+ Qxe6 40. Qxg7+ Qe7 41. Qg8 Qe6 42. Qb8 Qc6 43. Qf8 Qg2+ 44. Ke1 Bf3 45. Qd6+ Ke8 46. Qe6+ Kf8 1/2-1/2

[Event "FRA-ch Accession"]
[Site "Aix les Bains"]
[Date "2003.08.21"]
[Round "1"]
[White "Besson, Bastien"]
[Black "Claverie, Christophe"]
[Result "0-1"]
[WhiteElo "2196"]
[BlackElo "2361"]
[PlyCount "45"]
[EventDate "2003.08.19"]
[EventType "swiss"]
[EventRounds "11"]
[EventCountry "FRA"]
[SourceTitle "EXT 2004"]
[Source "ChessBase"]
[SourceDate "2003.11.25"]
[SourceVersion "1"]
[SourceVersionDate "2003.11.25"]
[SourceQuality "1"]

1. e4 c5 2. Nf3 e6 3. d4 cxd4 4. Nxd4 a6 5. c4 Nf6 6. Nc3 Qc7 7. Bd3 Nc6 8. Nxc6 bxc6 9. Be3 d6 10. f4 e5 11. Qe2 Be7 12. 0-0 Rb8 13. f5 h5 14. h3 h4 15. Rf2 Nh5 16. c5 dxc5 17. Bxa6 Nf4 18. Bxf4 Bxa6 19. Bxe5 Qxe5 20. Qxa6 0-0 21. Qxc6 Bd6 22. Kf1 Qh2 23. Rb1 0-1

[Event "Cappelle op 19th"]
[Site "Cappelle la Grande"]
[Date "2003.02.25"]
[Round "5"]
[White "Besson, Bastien"]
[Black "Geller, Jakov"]
[Result "0-1"]
[WhiteElo "2142"]
[BlackElo "2448"]
[PlyCount "36"]
[EventDate "2003.02.22"]
[EventType "swiss"]
[EventRounds "9"]
[EventCountry "FRA"]
[SourceTitle "CBM 092 Extra"]
[Source "ChessBase"]
[SourceDate "2003.03.07"]
[SourceVersion "1"]
[SourceVersionDate "2003.03.07"]
[SourceQuality "1"]

1. e4 c5 2. Nf3 Nc6 3. d4 cxd4 4. Nxd4 e6 5. c4 Nf6 6. Nc3 Bb4 7. f3 d5 8. cxd5 exd5 9. Bb5 0-0 10. Nxc6 bxc6 11. Bxc6 Nxe4 12. fxe4 Qh4+ 13. Kd2 Bg4 14. Qa4 Qf2+ 15. Kd3 dxe4+ 16. Kc4 Be6+ 17. Kxb4 a5+ 18. Ka3 Qc5+ 0-1

[Event "FRA-ch U18"]
[Site "Le Grand Bornand"]
[Date "2003.??.??"]
[Round "5.5"]
[White "Terrieux, Kevin"]
[Black "Besson, Bastien"]
[Result "1-0"]
[WhiteElo "2208"]
[BlackElo "2142"]
[PlyCount "95"]
[EventDate "2003.??.??"]
[EventType "swiss"]
[EventRounds "9"]
[EventCountry "FRA"]
[SourceTitle "EXT 2004"]
[Source "ChessBase"]
[SourceDate "2003.11.25"]
[SourceVersion "1"]
[SourceVersionDate "2003.11.25"]
[SourceQuality "1"]

1. c4 e5 2. Nc3 Bc5 3. g3 Nc6 4. Bg2 d6 5. e3 Nge7 6. Nge2 Bb6 7. 0-0 0-0 8. d4 f5 9. f4 e4 10. a3 a5 11. g4 g6 12. g5 Nb8 13. h4 Be6 14. b3 Bf7 15. Kf2 h5 16. Qc2 c6 17. Bb2 Na6 18. Na4 Ba7 19. d5 Kh7 20. Qc3 Rg8 21. dxc6 bxc6 22. Rfd1 d5 23. c5 d4 24. Nxd4 Nd5 25. Qc4 Qc8 26. Bf1 Nb8 27. Nb6 Bxb6 28. cxb6 Qb7 29. Qc5 Rc8 30. Rac1 Nd7 31. Qd6 c5 32. Ne6 Rc6 33. Qxd5 Bxe6 34. Qd2 Rxb6 35. Bc4 Bxc4 36. Qxd7+ Bf7 37. Rxc5 Rxb3 38. Ba1 Qxd7 39. Rxd7 Kg8 40. Rcc7 Rxa3 41. Bd4 Ra2+ 42. Kg3 Rf8 43. Bc5 Rc2 44. Bxf8 Rxc7 45. Rxc7 Kxf8 46. Ra7 Kg8 47. Kf2 Kg7 48. Ke1 1-0

[Event "Dieppe op 3rd"]
[Site "Dieppe"]
[Date "2002.08.01"]
[Round "6"]
[White "Delchev, Aleksander"]
[Black "Besson, Bastien"]
[Result "1-0"]
[WhiteElo "2557"]
[BlackElo "2097"]
[PlyCount "63"]
[EventDate "2002.??.??"]
[EventType "swiss"]
[EventRounds "9"]
[EventCountry "FRA"]
[SourceTitle "EXT 2005"]
[Source "ChessBase"]
[SourceDate "2004.11.15"]
[SourceVersion "1"]
[SourceVersionDate "2004.11.15"]
[SourceQuality "1"]

1. e4 d6 2. d4 Nf6 3. Nc3 g6 4. Be3 c6 5. h3 Qc7 6. Nf3 Bg7 7. Qd2 b5 8. Bd3 Nbd7 9. a4 b4 10. Ne2 c5 11. Ng3 Bb7 12. Bh6 Bxh6 13. Qxh6 c4 14. Be2 Bxe4 15. Nxe4 Nxe4 16. Qg7 Rf8 17. Qxh7 0-0-0 18. Qh4 Ndf6 19. Qf4 Rfe8 20. 0-0 Rh8 21. a5 Rdg8 22. Ng5 Nxg5 23. Qxg5 Ne4 24. Qd5 Nd2 25. Rfd1 c3 26. bxc3 bxc3 27. Qxf7 Rf8 28. Bg4+ Kd8 29. Qd5 Ke8 30. Ra3 Rh7 31. Be6 Rf6 32. Rxc3 1-0

[Event "FRA-ch U18"]
[Site "Hyeres"]
[Date "2002.??.??"]
[Round "8.2"]
[White "Cornette, Matthieu"]
[Black "Besson, Bastien"]
[Result "1-0"]
[WhiteElo "2357"]
[BlackElo "2180"]
[PlyCount "63"]
[EventDate "2002.04.05"]
[EventType "swiss"]
[EventRounds "9"]
[EventCountry "FRA"]
[SourceTitle "EXT 2003"]
[Source "ChessBase"]
[SourceDate "2002.11.25"]
[SourceVersion "1"]
[SourceVersionDate "2002.11.25"]
[SourceQuality "1"]

1. e4 e5 2. Nf3 Nf6 3. Nxe5 d6 4. Nf3 Nxe4 5. Bd3 f5 6. Qe2 Be7 7. Bxe4 fxe4 8. Qxe4 0-0 9. 0-0 d5 10. Qe3 Nc6 11. d4 Nb4 12. Na3 Bf5 13. c3 Nc6 14. Nb1 Bd6 15. Ne5 Ne7 16. f4 b6 17. Nd2 Bc8 18. Ndf3 c5 19. g4 Ng6 20. f5 cxd4 21. cxd4 Ne7 22. Bd2 Qe8 23. Rae1 Qa4 24. a3 Ba6 25. Rf2 Rae8 26. b3 Qxa3 27. Nd7 Nxf5 28. Qxe8 Rxe8 29. Rxe8+ Kf7 30. Re1 Nxd4 31. Nxd4+ Kg8 32. Re8+ 1-0